The New Filipino-Filipino dictionary with English FFED. (Record no. 34498)
[ view plain ]
| 000 -LEADER | |
|---|---|
| fixed length control field | 00637nam a2200169 4500 |
| 008 - FIXED-LENGTH DATA ELEMENTS--GENERAL INFORMATION | |
| fixed length control field | 100726 2010 ph eng |
| 020 ## - INTERNATIONAL STANDARD BOOK NUMBER | |
| International Standard Book Number | 97897103282604 :Php3,999.00/3,595.50 |
| 090 ## - LOCALLY ASSIGNED LC-TYPE CALL NUMBER (OCLC); LOCAL CALL NUMBER (OCLC) | |
| Classification number (OCLC) (R) ; Classification number, CALL (RLIN) (NR) | PL6057 |
| Local cutter number (OCLC) ; Book number/undivided call number, CALL (RLIN) | N42 |
| -- | 2010 |
| 245 04 - TITLE STATEMENT | |
| Title | The New Filipino-Filipino dictionary with English FFED. |
| 250 ## - EDITION STATEMENT | |
| Edition statement | Rev. and illustrated ed.; 4th ed. |
| 260 ## - PUBLICATION, DISTRIBUTION, ETC. (IMPRINT) | |
| Place of publication, distribution, etc | Manila : |
| Name of publisher, distributor, etc | ISP International, |
| Date of publication, distribution, etc | 2010. |
| 300 ## - PHYSICAL DESCRIPTION | |
| Extent | various pagination, 678 p. ; |
| Dimensions | 28 cm. |
| 650 #4 - SUBJECT ADDED ENTRY--TOPICAL TERM | |
| Topical term or geographic name as entry element | English language |
| General subdivision | Dictionaries. |
| 650 #4 - SUBJECT ADDED ENTRY--TOPICAL TERM | |
| Topical term or geographic name as entry element | Filipino language |
| General subdivision | Dictionaries. |
| 951 ## - EQUIVALENCE OR CROSS-REFERENCE-GEOGRAPHIC NAME/AREA NAME [OBSOLETE] [CAN/MARC only] | |
| General subdivision | 00039284 |
| 951 ## - EQUIVALENCE OR CROSS-REFERENCE-GEOGRAPHIC NAME/AREA NAME [OBSOLETE] [CAN/MARC only] | |
| -- | 33873 |
| -- | FIL-REFPL6057/N42/2010 |
| -- | 100722131130796 |
| -- | 2000-12-21 |
| -- | FIL-REF |
| Withdrawn status | Lost status | Damaged status | Not for loan | Home library | Current library | Shelving location | Date acquired | Accession number | Shelving control number | Total Checkouts | Full call number | Barcode | Date last seen | Price effective from | Koha item type |
|---|---|---|---|---|---|---|---|---|---|---|---|---|---|---|---|
| BSOP Library | BSOP Library | Filipiniana Reference | 12/21/2000 | 33873 | 127 | FIL-REFPL6057/N42/2010 | 00039284 | 02/23/2013 | 02/23/2013 | Books |
